| 000 | 01037nam a2200181Ia 4500 | ||
|---|---|---|---|
| 008 | 151202s9999||||xx |||||||||||||| ||und|| | ||
| 082 | _bPNVM-72701 | ||
| 100 | _aअंबिके मनोज. | ||
| 245 | _aकानमंत्र आई बाबांसाठी-मुलांचे अष्टपैलू व्यक्तिमत्व घडविण्याचे रहस्य. | ||
| 260 | _b"मिरर पब्लिशिंग,पुणे." | ||
| 260 | _c72701 | ||
| 300 | _a160 | ||
| 600 | _aअंबिके मनोज. | ||
| 630 | _aकानमंत्र आई बाबांसाठी-मुलांचे अष्टपैलू व्यक्तिमत्व घडविण्याचे रहस्य. | ||
| 700 | _aअंबिके मनोज. | ||
| 730 | _aकानमंत्र आई बाबांसाठी-मुलांचे अष्टपैलू व्यक्तिमत्व घडविण्याचे रहस्य. | ||
| 942 | _cBOOK | ||
| 999 |
_c1339366 _d1339363 |
||